Vybrané problémy sociálnych inovácií, intelektuálneho kapitálu a duševného vlastníctva v podnikaní
Súčasný stav poznania teórie, praxe a skúmania intelektuálneho kapitálu. Charakteristika intelektuálneho kapitálu podľa vybraných autorov. Teória, prax a skúmanie duševného vlastníctva. Duševné vlastníctvo ako významné strategické aktívum podniku. Kreatívny potenciál fyzickej osoby. Súčasný stav poz...
Gespeichert in:
| 1. Verfasser: | |
|---|---|
| Format: | Buchkapitel |
| Sprache: | Slowakisch |
| Schlagworte: | |
| Tags: |
Keine Tags, Fügen Sie das erste Tag hinzu!
|
MARC
| LEADER | 00000nla a2200000 4500 | ||
|---|---|---|---|
| 001 | 0224119 | ||
| 005 | 20240523115908.4 | ||
| 041 | 0 | |a slo | |
| 044 | |a SK | ||
| 245 | 1 | 0 | |a Vybrané problémy sociálnych inovácií, intelektuálneho kapitálu a duševného vlastníctva v podnikaní |c Martin Matušovič |
| 520 | |a Súčasný stav poznania teórie, praxe a skúmania intelektuálneho kapitálu. Charakteristika intelektuálneho kapitálu podľa vybraných autorov. Teória, prax a skúmanie duševného vlastníctva. Duševné vlastníctvo ako významné strategické aktívum podniku. Kreatívny potenciál fyzickej osoby. Súčasný stav poznania teórie, praxe a skúmania sociálnych inovácií. | ||
| 610 | 2 | 0 | |a vlastníctvo duševné |
| 610 | 2 | 0 | |a kapitál intelektuálny |
| 610 | 2 | 0 | |a vedomosti |
| 610 | 2 | 0 | |a inovácia |
| 610 | 2 | 0 | |a politika sociálna |
| 610 | 2 | 0 | |a kreativita |
| 610 | 2 | 0 | |a podnik |
| 100 | 1 | |a Matušovič, Martin | |